El hallazgo de Ichcateopan (Record no. 3839)

MARC details
000 -CABECERA
campo de control de longitud fija 00884nam a2200217 a 4500
001 - NÚMERO DE CONTROL
campo de control BRCA_4123
005 - FECHA Y HORA DE LA ÚLTIMA TRANSACCIÓN
campo de control 20190320204543.0
008 - DATOS DE LONGITUD FIJA--INFORMACIÓN GENERAL
campo de control de longitud fija 130410s1950----mx-a######---#000-0#spa-#
041 ## - CÓDIGO DE LENGUA
Código de lengua del texto/banda sonora o título independiente spa
044 ## - CÓDIGO DEL PAÍS DE LA ENTIDAD EDITORA/PRODUCTORA
Código MARC del país mx
050 #4 - SIGNATURA TOPOGRÁFICA DE LA BIBLIOTECA DEL CONGRESO
Número de clasificación F1219.1.I2
Número de documento/Ítem .H35 1950
245 10 - MENCIÓN DE TÍTULO
Título El hallazgo de Ichcateopan
Resto del título dictamen que rinde la comisión designada por acuerdo de C. Secretario de Educación Pública, en relación con las investigaciones y exploración realizadas en Ichcateopan, Guerrero.
260 ## - PUBLICACIÓN, DISTRIBUCIÓN, ETC.
Lugar de publicación, distribución, etc. México
Nombre del editor, distribuidor, etc. Revista Mexicana de Estudios Antropológicos
Fecha de publicación, distribución, etc. 1950
300 ## - DESCRIPCIÓN FÍSICA
Extensión p. 197-295
Otras características físicas il., 49 fotografías
Dimensiones 24 cm.
500 ## - NOTA GENERAL
Nota general Sobretiro del Tomo Undécimo de la Revista Mexicana de Estudios Antropólogicos
500 ## - NOTA GENERAL
Nota general Revista inventariada por Banco de México como libro
500 ## - NOTA GENERAL
Nota general C151
651 #4 - PUNTO DE ACCESO ADICIONAL DE MATERIA--NOMBRE GEOGRÁFICO
Nombre geográfico Ichcateopan, Guerrero
Subdivisión general Antigüedades
9 (RLIN) 10657
902 ## - CATALOGADOR
Iniciales GFM
942 ## - ELEMENTOS DE PUNTO DE ACCESO ADICIONAL (KOHA)
Fuente del sistema de clasificación o colocación Library of Congress Classification
Tipo de ítem Koha Libros
Holdings
Estado de retiro Estado de pérdida Estado dañado No para préstamo Localización permanente Ubicación/localización actual Fecha de adquisición Número de inventario Total de préstamos Signatura topográfica completa Código de barras Fecha visto por última vez Precio válido a partir de Tipo de ítem Koha
El ejemplar forma parte de la colección y puede ser consultado según las políticas vigentes.       Biblioteca del Museo Franz Mayer (Rogerio Casas-Alatriste) Biblioteca del Museo Franz Mayer (Rogerio Casas-Alatriste) 13/04/2010 C151   F1219.1.I2 .H35 1950 (C151) 4120 22/03/2019 22/03/2019 Libros